Central Library OPAC University of Rajshahi

The social and political ideas of some great mediæval thinkers : (Record no. 36043)

MARC details
000 -LEADER
fixed length control field 01367nam a2200265 a 4500
001 - CONTROL NUMBER
control field 36043
003 - CONTROL NUMBER IDENTIFIER
rucl marc code BD-RjUL
005 - DATE AND TIME OF LATEST TRANSACTION
control field 20211209052425.0
008 - FIXED-LENGTH DATA ELEMENTS--GENERAL INFORMATION
fixed length control field 140615r1950 1923nyu 000 0 eng u
035 ## - SYSTEM CONTROL NUMBER
System control number (BD-RjUL)36140
040 ## - CATALOGING SOURCE
Original cataloging agency OUN
Modifying agency OCL
Language of cataloging eng
Transcribing agency BD-RjUL
041 ## - LANGUAGE CODE
Language code of text/sound track or separate title eng
082 ## - DEWEY DECIMAL CLASSIFICATION NUMBER
Classification number 320.9
Author mark and year SOC 1950
245 14 - TITLE STATEMENT
Title The social and political ideas of some great mediæval thinkers :
Remainder of title a series of lectures delivered at King's College, University of London /
260 ## - PUBLICATION, DISTRIBUTION, ETC. (IMPRINT)
Place of publication, distribution, etc. New York :
Name of publisher, distributor, etc. Barnes & Noble,
Date of publication, distribution, etc. 1950
300 ## - PHYSICAL DESCRIPTION
Pagination 223 p. ;
Size 23 cm
500 ## - GENERAL NOTE
General note "First publiushed 1923 ; reprinted 1950 by special arrangement with George G. Harrop & Co."
504 ## - BIBLIOGRAPHY, ETC. NOTE
Bibliography, etc Includes bibliographies
505 0# - FORMATTED CONTENTS NOTE
Formatted contents note Introductory: Mediaeval political thought, by E. Barker.-- St. Augustine and the city of God, by the editor and A. J. Carlyle.-- John of Salisbury and the "Policraticus," by E. F. Jacob.-- St. Thomas Aquinas and the papal monarchy, by F. Aveling.-- Dante and world-empire, by E. S. Smith.-- Pierre Du Bois and the domination of France, by E. E. Power.-- Marsilio of Padua and mediaeval secularism, by J. W. Allen.-- John Wycliffe and divine dominion, by the editor
650 #0 - SUBJECT ADDED ENTRY--TOPICAL TERM
Topical term or geographic name as entry element Political science
General subdivision History
9 (RLIN) 109712
Topical term or geographic name as entry element Middle Ages
9 (RLIN) 109715
700 ## - ADDED ENTRY--PERSONAL NAME
Personal name Hearnshaw, F. J. C.
Fuller form of name (Fossey John Cobb),
942 ## - ADDED ENTRY ELEMENTS (KOHA)
Source of classification or shelving scheme Dewey Decimal Classification
Koha item type Books
Holdings
Lost status Source of classification or shelving scheme Damaged status Not for loan Collection code Permanent Location Current Location Shelving location Date acquired Source of acquisition Total Checkouts Full call number Date last seen Copy number Koha item type
  Dewey Decimal Classification   Not For Loan Non-fiction Central Library, University of Rajshahi Central Library, University of Rajshahi Reading Room 20/02/1956 zeetlinger   320.9 SOC 1950 15/06/2014 C-1 Books